[Event "Klatovy op-A 24th"]
[Site "Klatovy"]
[Date "2018.07.03"]
[Round "4"]
[White "Toman, Ondrej"]
[Black "Novy, Vaclav"]
[Result "1-0"]
[WhiteElo "2197"]
[BlackElo "2065"]
[PlyCount "89"]
[EventDate "2018.06.30"]
[EventType "swiss"]
[EventRounds "9"]
[EventCountry "CZE"]
[SourceTitle "CBM 185 Extra"]
[Source "ChessBase"]
[SourceDate "2018.07.29"]
[SourceVersion "1"]
[SourceVersionDate "2018.07.29"]
[SourceQuality "1"]

1. e4 c5 2. Nc3 Nc6 3. Bb5 g6 4. Bxc6 dxc6 5. f4 Bg7 6. Nf3 Bg4 7. 0-0 Qc7 8. d3 0-0-0 9. Qe1 h5 10. a3 h4 11. h3 Bxf3 12. Rxf3 Nf6 13. Be3 b6 14. b4 cxb4 15. axb4 Nh5 16. Ra3 e6 17. e5 g5 18. Nb5 cxb5 19. Rc3 gxf4 20. Rxc7+ Kxc7 21. Bxf4 Nxf4 22. Rxf4 Rd7 23. d4 Bh6 24. Rg4 Kb8 25. c3 Rc7 26. Kh2 Bf8 27. Qf1 f5 28. Rg6 Rxc3 29. Qxb5 Bh6 30. Rxh6 Rxh6 31. Qd7 Rg3 32. Qd6+ Kb7 33. d5 Rhg6 34. Qc6+ Kb8 35. dxe6 Rxg2+ 36. Qxg2 Rxg2+ 37. Kxg2 Kc7 38. b5 Kd8 39. Kf3 Ke7 40. Ke3 Kxe6 41. Kf4 Kd5 42. Kxf5 Kc5 43. e6 Kxb5 44. e7 a5 45. e8Q+ 1-0

[Event "Klatovy op-A 24th"]
[Site "Klatovy"]
[Date "2018.07.02"]
[Round "3"]
[White "Novy, Vaclav"]
[Black "Novak, Vaclav2222"]
[Result "1-0"]
[WhiteElo "2065"]
[BlackElo "1778"]
[PlyCount "35"]
[EventDate "2018.06.30"]
[EventType "swiss"]
[EventRounds "9"]
[EventCountry "CZE"]
[SourceTitle "CBM 185 Extra"]
[Source "ChessBase"]
[SourceDate "2018.07.29"]
[SourceVersion "1"]
[SourceVersionDate "2018.07.29"]
[SourceQuality "1"]

1. e4 e5 2. Nf3 Nc6 3. d4 exd4 4. Nxd4 Qf6 5. Nxc6 Qxc6 6. Bd3 Bc5 7. 0-0 Ne7 8. Nc3 a6 9. Qh5 Bd4 10. Nd5 g6 11. Qh4 f6 12. c3 Be5 13. f4 Nxd5 14. fxe5 Nb6 15. exf6 Qc5+ 16. Kh1 Kf7 17. e5 d5 18. Bxg6+ 1-0

[Event "CZE-chT2A 1112"]
[Site "Czech Republic"]
[Date "2012.03.04"]
[Round "9"]
[White "Mraz, Miroslav"]
[Black "Novy, Vaclav"]
[Result "1-0"]
[WhiteElo "2046"]
[BlackElo "2066"]
[PlyCount "137"]
[EventDate "2011.10.09"]
[EventType "team-tourn"]
[EventRounds "11"]
[EventCountry "CZE"]
[SourceTitle "EXT 2013"]
[Source "ChessBase"]
[SourceDate "2012.11.22"]
[SourceVersion "1"]
[SourceVersionDate "2012.11.22"]
[SourceQuality "1"]
[WhiteTeam "Cesky Krumlov"]
[BlackTeam "Klatovy"]
[WhiteTeamCountry "CZE"]
[BlackTeamCountry "CZE"]

1. d4 Nf6 2. Nf3 g6 3. Bg5 Bg7 4. Nbd2 d5 5. e3 Bf5 6. Be2 Nbd7 7. c4 c6 8. Qb3 Qb6 9. Bxf6 Bxf6 10. Rc1 e6 11. cxd5 exd5 12. 0-0 0-0 13. h3 h5 14. Rfd1 Rfe8 15. Kf1 Re7 16. Ne1 Rae8 17. Bd3 Bxd3+ 18. Nxd3 Nf8 19. Nc5 Ne6 20. Nxe6 Rxe6 21. Qd3 Be7 22. Nb3 Qd8 23. Nc5 Bxc5 24. Rxc5 Qh4 25. Rc2 g5 26. Qf5 g4 27. hxg4 hxg4 28. g3 Qh1+ 29. Ke2 Qe4 30. Qxe4 Rxe4 31. Kd3 Kg7 32. Rh1 Rh8 33. Rxh8 Kxh8 34. Rc1 Kg7 35. Rh1 Re6 36. Rh4 Rg6 37. b4 Rg5 38. a4 a6 39. Rh1 Rf5 40. Ke2 b5 41. a5 Rf6 42. Rh4 Rg6 43. Kd3 f5 44. Rh5 Rf6 45. Ke2 Rf8 46. f3 Kg6 47. Rh4 Kg5 48. Rh7 Kg6 49. Ra7 Rh8 50. fxg4 fxg4 51. Rxa6 Rc8 52. e4 dxe4 53. d5 Kf5 54. Rxc6 Rh8 55. Rc5 Ke5 56. Ke3 Rf8 57. d6+ Kxd6 58. Kxe4 Rf3 59. Rxb5 Rxg3 60. Rb6+ Ke7 61. Kd4 Rg1 62. Rg6 g3 63. Kc5 g2 64. Rg7+ Kd8 65. Kb5 Ke8 66. a6 Kf8 67. Rg4 Kf7 68. a7 Ra1 69. Kb6 1-0

[Event "CZE-ch Juniors op-A"]
[Site "Sec u Chrudimi"]
[Date "2007.03.12"]
[Round "4"]
[White "Novy, Vaclav"]
[Black "Rehak, Jakub"]
[Result "1-0"]
[WhiteElo "2118"]
[BlackElo "1879"]
[PlyCount "189"]
[EventDate "2007.03.10"]
[EventType "swiss"]
[EventRounds "9"]
[EventCountry "CZE"]
[SourceTitle "EXT 2008"]
[Source "ChessBase"]
[SourceDate "2007.11.25"]
[SourceVersion "1"]
[SourceVersionDate "2007.11.25"]
[SourceQuality "1"]

1. e4 g6 2. d4 Bg7 3. Nc3 c6 4. Bc4 d6 5. Nf3 Nf6 6. Qe2 e6 7. e5 Nd5 8. Ne4 dxe5 9. dxe5 0-0 10. 0-0 Nd7 11. Bg5 Qc7 12. Bxd5 exd5 13. Nf6+ Bxf6 14. exf6 Qd6 15. Qd2 Nc5 16. Rfe1 Rd8 17. Bf4 Qf8 18. Bh6 Qd6 19. Bf4 Qf8 20. Be5 Ne6 21. Nh4 Nc5 22. Rad1 Be6 23. Qf4 Rd7 24. b4 Na6 25. c3 Rad8 26. Re3 b6 27. Rg3 c5 28. b5 Nb8 29. Nf5 Bxf5 30. Qxf5 Qe8 31. Qf4 d4 32. cxd4 Rxd4 33. Bxd4 Rxd4 34. Qc1 Qd8 35. Re1 Nd7 36. Qg5 Qxf6 37. Qxf6 Nxf6 38. Rge3 Ra4 39. a3 a6 40. bxa6 Rxa6 41. Rb3 c4 42. Rb4 Rxa3 43. Rxc4 Rb3 44. Kf1 Kg7 45. Rd1 b5 46. Rc8 Rb2 47. f3 b4 48. Re1 b3 49. Rb8 Nd5 50. Re2 Rb1+ 51. Kf2 Nf4 52. Rd2 b2 53. Kg3 Nh5+ 54. Kf2 Nf4 55. Rb7 Rc1 56. Rbxb2 Rc7 57. g3 Nh3+ 58. Kg2 Ng5 59. Rbc2 Ra7 60. Rc5 Ne6 61. Rcd5 h5 62. Kf2 Ra3 63. R5d3 Ra5 64. h3 Rb5 65. h4 Ra5 66. Rd5 Ra3 67. Rd7 Rb3 68. Ra7 Rb5 69. Kg2 Rc5 70. Rdd7 Rf5 71. Kf2 Kg8 72. Ke3 Re5+ 73. Kf2 Rf5 74. f4 Kg7 75. Ke3 Kg8 76. Re7 Kf8 77. Reb7 Kg8 78. Rb8+ Kg7 79. Rb6 Kf8 80. Rab7 Ra5 81. Rb5 Ra4 82. Rb4 Ra3+ 83. Rb3 Ra4 84. R7b4 Ra5 85. Rc3 Kg7 86. Rcb3 Kf8 87. Rb5 Ra4 88. Rd3 Ra7 89. f5 gxf5 90. Rxf5 Ng7 91. Rfd5 Ra1 92. Kf4 Ra4+ 93. Ke5 Ne6 94. Kf6 Ra6 95. Rd6 1-0

[Event "CZE-ch Juniors op-A"]
[Site "Zlate Hory"]
[Date "2006.03.17"]
[Round "8"]
[White "Hadraba, Vladimir"]
[Black "Novy, Vaclav"]
[Result "1-0"]
[WhiteElo "2191"]
[BlackElo "2057"]
[PlyCount "45"]
[EventDate "2006.03.11"]
[EventType "swiss"]
[EventRounds "9"]
[EventCountry "CZE"]
[SourceTitle "EXT 2008"]
[Source "ChessBase"]
[SourceDate "2007.11.25"]
[SourceVersion "1"]
[SourceVersionDate "2007.11.25"]
[SourceQuality "1"]

1. e4 c5 2. Nf3 d6 3. d4 cxd4 4. Nxd4 Nf6 5. Nc3 g6 6. Be3 Bg7 7. Be2 0-0 8. f4 Nc6 9. Nb3 Be6 10. g4 d5 11. f5 Bc8 12. exd5 Nb4 13. Bf3 gxf5 14. h3 fxg4 15. hxg4 h5 16. gxh5 Bf5 17. Nd4 Qd7 18. h6 Bh8 19. Nxf5 Qxf5 20. h7+ Kg7 21. Bh6+ Kg6 22. Ke2 Ng4 23. Be4 1-0

[Event "CZE-ch Juniors op-A"]
[Site "Zlate Hory"]
[Date "2006.03.14"]
[Round "5"]
[White "Snorek, Milan"]
[Black "Novy, Vaclav"]
[Result "1-0"]
[WhiteElo "2142"]
[BlackElo "2057"]
[PlyCount "81"]
[EventDate "2006.03.11"]
[EventType "swiss"]
[EventRounds "9"]
[EventCountry "CZE"]
[SourceTitle "EXT 2008"]
[Source "ChessBase"]
[SourceDate "2007.11.25"]
[SourceVersion "1"]
[SourceVersionDate "2007.11.25"]
[SourceQuality "1"]

1. d4 Nf6 2. c4 c5 3. d5 b5 4. cxb5 a6 5. Nc3 axb5 6. Nxb5 d6 7. g3 g6 8. Bg2 Bg7 9. Nh3 Bd7 10. Nc3 Na6 11. 0-0 0-0 12. e4 Ra7 13. Nf4 Qa8 14. h3 Rb8 15. Re1 Nc7 16. e5 Nfe8 17. exd6 exd6 18. Re7 Nb5 19. Nxb5 Bxb5 20. Rxa7 Qxa7 21. Qc2 Ba4 22. Qd2 Bb3 23. a3 Nc7 24. Qd3 Qa4 25. Ne2 Nb5 26. Nc3 Nxc3 27. bxc3 Bc2 28. Qf3 Rb3 29. Bd2 Rxa3 30. Rxa3 Qxa3 31. Qe3 Qa8 32. Qe2 Bb3 33. Qb5 Ba4 34. Qb6 Qf8 35. Bf4 Be5 36. Bxe5 dxe5 37. d6 e4 38. Qxc5 Qe8 39. Qd4 Bc6 40. c4 Qe6 41. Bxe4 1-0

[Event "CZE Juniorcentrum op-A"]
[Site "Sec u Chrudimi"]
[Date "2005.10.28"]
[Round "8"]
[White "Kracik, Tomas"]
[Black "Novy, Vaclav"]
[Result "0-1"]
[WhiteElo "1717"]
[BlackElo "2088"]
[PlyCount "58"]
[EventDate "2005.10.22"]
[EventType "swiss"]
[EventRounds "9"]
[EventCountry "CZE"]
[SourceTitle "EXT 2008"]
[Source "ChessBase"]
[SourceDate "2007.11.25"]
[SourceVersion "1"]
[SourceVersionDate "2007.11.25"]
[SourceQuality "1"]

1. e4 c5 2. Nf3 d6 3. c3 Nf6 4. Be2 Nc6 5. d3 g6 6. Bd2 Bg7 7. Qc1 0-0 8. Bh6 b5 9. Bxg7 Kxg7 10. Nbd2 b4 11. 0-0 bxc3 12. bxc3 Ba6 13. Re1 Rb8 14. Rb1 Qa5 15. Qc2 Rb6 16. Rb3 Rfb8 17. Reb1 Nd7 18. Kf1 Qa4 19. R1b2 Nde5 20. Ne1 Bb5 21. Qb1 Na5 22. c4 Nxb3 23. axb3 Qb4 24. cxb5 Rxb5 25. Ra2 Ra5 26. Rxa5 Qxa5 27. Qb2 f6 28. f4 Nc6 29. Nc2 Qxd2 0-1

[Event "CZE Juniorcentrum op-A"]
[Site "Sec u Chrudimi"]
[Date "2005.10.23"]
[Round "2"]
[White "Novy, Vaclav"]
[Black "Kindl, Frantisek"]
[Result "1-0"]
[WhiteElo "2088"]
[BlackElo "1981"]
[PlyCount "69"]
[EventDate "2005.10.22"]
[EventType "swiss"]
[EventRounds "9"]
[EventCountry "CZE"]
[SourceTitle "EXT 2008"]
[Source "ChessBase"]
[SourceDate "2007.11.25"]
[SourceVersion "1"]
[SourceVersionDate "2007.11.25"]
[SourceQuality "1"]

1. e4 g6 2. d4 Bg7 3. Nc3 d6 4. Bc4 a6 5. h3 b5 6. Bd5 c6 7. Bb3 Nf6 8. Qe2 b4 9. Nd1 a5 10. e5 Nd5 11. Nf3 Ba6 12. Bc4 Bxc4 13. Qxc4 0-0 14. 0-0 dxe5 15. dxe5 Qc7 16. Re1 e6 17. Qh4 Qe7 18. Bg5 Qc5 19. Bh6 Rc8 20. Ne3 Qf8 21. Ng4 Nd7 22. Ng5 Re8 23. Bxg7 Qxg7 24. Nh6+ Kf8 25. Nhxf7 Re7 26. Nh6 Ra7 27. Rad1 Ke8 28. Nf3 c5 29. Ng4 h5 30. Ne3 N5b6 31. Rd6 Rb7 32. Nc4 a4 33. Na5 Rc7 34. Nc6 Rf7 35. Rxe6+ 1-0

[Event "CZE Juniorcentrum op-A"]
[Site "Sec u Chrudimi"]
[Date "2005.10.22"]
[Round "1"]
[White "Vojir, Vaclav"]
[Black "Novy, Vaclav"]
[Result "0-1"]
[WhiteElo "1912"]
[BlackElo "2088"]
[PlyCount "132"]
[EventDate "2005.10.22"]
[EventType "swiss"]
[EventRounds "9"]
[EventCountry "CZE"]
[SourceTitle "EXT 2008"]
[Source "ChessBase"]
[SourceDate "2007.11.25"]
[SourceVersion "1"]
[SourceVersionDate "2007.11.25"]
[SourceQuality "1"]

1. d4 Nf6 2. Bf4 g6 3. h3 Bg7 4. e3 0-0 5. Bd3 d6 6. Nf3 Nc6 7. c3 Re8 8. Bc2 Bd7 9. Nbd2 e5 10. dxe5 dxe5 11. Bg5 h6 12. Bxf6 Qxf6 13. 0-0 Rad8 14. Qe2 Qe7 15. e4 a6 16. a4 Nb8 17. Rfd1 Be6 18. Nc4 Qc5 19. Ne3 c6 20. Rxd8 Rxd8 21. Rd1 Rxd1+ 22. Qxd1 Qb6 23. c4 Nd7 24. b3 Qc7 25. Qd2 Bf8 26. Ng4 Kh7 27. Ne3 f6 28. Nh4 a5 29. Ng4 h5 30. Ne3 Bb4 31. Qd1 Bc5 32. Qd2 Qb6 33. Nd1 Kg7 34. Kf1 Qc7 35. Ke2 Nf8 36. Kf1 Bc8 37. Qd3 Ne6 38. Ne3 Nf4 39. Qd2 Bb4 40. Qd1 Be7 41. Nf3 Be6 42. Qd2 Bb4 43. Qd1 Qc8 44. Ng1 Qf8 45. Nf3 Kf7 46. Nh4 Qc8 47. Nf3 Ke7 48. Ng1 Qc7 49. Nf3 Bc3 50. Kg1 Qb6 51. Kf1 Bd4 52. Qd2 Bc5 53. Nh4 Bb4 54. Qd1 Qd4 55. Nf3 Qc3 56. Ne1 Bc5 57. Qc1 Bd4 58. Nd1 Qb4 59. Nf3 Bc5 60. Nd2 b5 61. cxb5 cxb5 62. Ne3 bxa4 63. bxa4 Bd7 64. Qd1 Bxe3 65. fxe3 Ne6 66. Kf2 Nc5 0-1

[Event "Klatovy op-A"]
[Site "Klatovy"]
[Date "2005.07.04"]
[Round "3"]
[White "Volak, Michal"]
[Black "Novy, Vaclav"]
[Result "1-0"]
[WhiteElo "2175"]
[BlackElo "2088"]
[PlyCount "65"]
[EventDate "2005.07.02"]
[EventType "swiss"]
[EventRounds "9"]
[EventCountry "CZE"]
[SourceTitle "CBM 107 Extra"]
[Source "ChessBase"]
[SourceDate "2005.09.01"]
[SourceVersion "1"]
[SourceVersionDate "2005.09.01"]
[SourceQuality "1"]

1. d4 Nf6 2. Nf3 c5 3. c3 cxd4 4. cxd4 d5 5. Bf4 Nc6 6. Qb3 e6 7. e3 Be7 8. h3 0-0 9. Nc3 a6 10. Bd3 b5 11. Rc1 Na5 12. Qc2 Bd7 13. 0-0 Rc8 14. Qb1 Qb6 15. Ne5 h6 16. Ne2 b4 17. Nxd7 Nxd7 18. Rxc8 Rxc8 19. Rc1 Rxc1+ 20. Qxc1 Nc6 21. Qc2 a5 22. Qa4 Nf6 23. Nc1 Ne4 24. Nb3 f5 25. Bb5 Na7 26. Bd7 Bd8 27. Be8 Nc8 28. Qd7 Ne7 29. Nc5 Nf6 30. Qxe6+ Qxe6 31. Nxe6 Nxe8 32. Nxd8 Kf8 33. Kf1 1-0

[Event "Klatovy op-A"]
[Site "Klatovy"]
[Date "2004.07.08"]
[Round "6"]
[White "Novy, Vaclav"]
[Black "Burdik, Lubomir"]
[Result "0-1"]
[WhiteElo "2093"]
[BlackElo "2150"]
[PlyCount "74"]
[EventDate "2004.07.03"]
[EventType "swiss"]
[EventRounds "9"]
[EventCountry "CZE"]
[SourceTitle "CBM 101 Extra"]
[Source "ChessBase"]
[SourceDate "2004.09.01"]
[SourceVersion "2"]
[SourceVersionDate "2004.09.01"]
[SourceQuality "1"]

1. e4 c6 2. d4 d5 3. exd5 cxd5 4. Bd3 Nc6 5. c3 Nf6 6. Bf4 Bg4 7. Qb3 Qc8 8. Nd2 e6 9. Ngf3 Be7 10. 0-0 0-0 11. Qc2 Bh5 12. Ne5 Bg6 13. Bxg6 hxg6 14. Qd3 Bd6 15. Nxg6 Bxf4 16. Nxf4 e5 17. dxe5 Nxe5 18. Qh3 Qxh3 19. Nxh3 Nd3 20. b3 Rac8 21. c4 Rfe8 22. cxd5 Rc2 23. Nc4 Nxd5 24. Rfd1 N5f4 25. Nxf4 Nxf4 26. Ne3 Rb2 27. Kf1 b5 28. Rd4 Ne2 29. Rd7 a6 30. Rd6 Nc3 31. Rc6 b4 32. a3 Ne4 33. Rc2 Nd2+ 34. Kg1 bxa3 35. g3 Rxe3 36. Rc8+ Kh7 37. fxe3 a2 0-1

[Event "Klatovy op-A"]
[Site "Klatovy"]
[Date "2004.07.07"]
[Round "5"]
[White "Stross, Frantisek"]
[Black "Novy, Vaclav"]
[Result "1-0"]
[WhiteElo "2220"]
[BlackElo "2093"]
[PlyCount "47"]
[EventDate "2004.07.03"]
[EventType "swiss"]
[EventRounds "9"]
[EventCountry "CZE"]
[SourceTitle "CBM 101 Extra"]
[Source "ChessBase"]
[SourceDate "2004.09.01"]
[SourceVersion "2"]
[SourceVersionDate "2004.09.01"]
[SourceQuality "1"]

1. e4 c5 2. Nc3 Nc6 3. Bb5 Nd4 4. Bc4 g6 5. Nf3 Bg7 6. Nxd4 cxd4 7. Qf3 e6 8. Nb5 d6 9. Qa3 Ke7 10. c3 dxc3 11. dxc3 a6 12. Nd4 Qc7 13. Be2 Nf6 14. e5 Ne8 15. Nb5 Qc6 16. Bf4 axb5 17. Qxa8 dxe5 18. Be3 f5 19. Bxb5 Qxg2 20. 0-0-0 Nc7 21. Qa3+ Kf7 22. Qc5 Nd5 23. Rhg1 Qe4 24. Rxd5 1-0

[Event "Klatovy op-A"]
[Site "Klatovy"]
[Date "2004.07.04"]
[Round "2"]
[White "Novy, Vaclav"]
[Black "Kuba, Stanislav"]
[Result "1-0"]
[WhiteElo "2093"]
[BlackElo "2246"]
[PlyCount "69"]
[EventDate "2004.07.03"]
[EventType "swiss"]
[EventRounds "9"]
[EventCountry "CZE"]
[SourceTitle "CBM 101 Extra"]
[Source "ChessBase"]
[SourceDate "2004.09.01"]
[SourceVersion "2"]
[SourceVersionDate "2004.09.01"]
[SourceQuality "1"]

1. d4 b6 2. e4 Bb7 3. Bd3 g6 4. Nf3 Bg7 5. Nc3 d6 6. Be3 Nd7 7. Qd2 a6 8. 0-0-0 c5 9. Rhe1 Rc8 10. e5 c4 11. Bf1 d5 12. h4 h6 13. h5 g5 14. Nh2 b5 15. Nb1 a5 16. f4 gxf4 17. Bxf4 e6 18. Ng4 b4 19. c3 Bc6 20. Re3 Qb6 21. Rf3 bxc3 22. Nxc3 Bf8 23. Be2 Ne7 24. Bxh6 Nf5 25. Bxf8 Kxf8 26. Ne3 Rxh5 27. Nxf5 exf5 28. Rdf1 Nxe5 29. dxe5 d4 30. Rxf5 Rxf5 31. Rxf5 dxc3 32. Qh6+ Ke8 33. Qh8+ Kd7 34. Rxf7+ Ke6 35. Bxc4+ 1-0

[Event "Plzen op-A 10th"]
[Site "Plzen"]
[Date "2004.??.??"]
[Round "1"]
[White "Gajewski, Grzegorz"]
[Black "Novy, Vaclav"]
[Result "1-0"]
[WhiteElo "2435"]
[BlackElo "2090"]
[PlyCount "47"]
[EventDate "2004.08.??"]
[EventType "swiss"]
[EventRounds "9"]
[EventCountry "CZE"]
[SourceTitle "EXT 2007"]
[Source "ChessBase"]
[SourceDate "2006.11.23"]
[SourceVersion "1"]
[SourceVersionDate "2006.11.23"]
[SourceQuality "1"]

1. e4 c5 2. Nc3 Nc6 3. Bb5 Nd4 4. Bc4 g6 5. Nf3 Bg7 6. Nxd4 cxd4 7. Qf3 Nh6 8. Ne2 0-0 9. Bb3 d6 10. h4 a5 11. a4 Ng4 12. h5 Ne5 13. Qg3 Qb6 14. hxg6 hxg6 15. d3 Be6 16. Qh4 Rfc8 17. Qh7+ Kf8 18. Bh6 Ke8 19. Bxe6 fxe6 20. Qxg7 Rxc2 21. Bg5 Kd7 22. Qxe7+ Kc6 23. Rh7 Rc8 24. Nxd4+ 1-0

[Event "Plzen op-A 10th"]
[Site "Plzen"]
[Date "2004.??.??"]
[Round "3"]
[White "Steinhauser, Antonin"]
[Black "Novy, Vaclav"]
[Result "1-0"]
[WhiteElo "1710"]
[BlackElo "2090"]
[PlyCount "107"]
[EventDate "2004.08.??"]
[EventType "swiss"]
[EventRounds "9"]
[EventCountry "CZE"]
[SourceTitle "EXT 2007"]
[Source "ChessBase"]
[SourceDate "2006.11.23"]
[SourceVersion "1"]
[SourceVersionDate "2006.11.23"]
[SourceQuality "1"]

1. e4 c5 2. Nf3 d6 3. d4 cxd4 4. Nxd4 Nf6 5. Nc3 g6 6. Be3 Bg7 7. f3 Nc6 8. Qd2 0-0 9. 0-0-0 Nxd4 10. Bxd4 Be6 11. h4 Qa5 12. h5 Rfc8 13. hxg6 hxg6 14. g4 b5 15. g5 b4 16. gxf6 bxc3 17. Bxc3 Qxa2 18. Qf4 exf6 19. Bxf6 Qa1+ 20. Kd2 Qa5+ 21. Ke3 Rxc2 22. Qh4 Qc5+ 23. Rd4 Qh5 24. Qxh5 gxh5 25. Rg1 Bg4 26. Bxg7 Kxg7 27. fxg4 hxg4 28. Rxg4+ Kf8 29. b4 a5 30. bxa5 Rxa5 31. Rxd6 Ra3+ 32. Rd3 Ra1 33. Rf4 Re1+ 34. Kd4 Ke7 35. Bh3 Ra2 36. Rdf3 Ra4+ 37. Kd5 f6 38. Bf5 Ra5+ 39. Kc4 Rd1 40. Rd3 Ra4+ 41. Kb3 Rxd3+ 42. Kxa4 Rc3 43. Kb4 Rc7 44. Rh4 Kd6 45. Rh7 Rc1 46. Rd7+ Ke5 47. Rd5+ Kf4 48. Rc5 Re1 49. Kc4 Rxe4+ 50. Bxe4 Kxe4 51. Rc8 f5 52. Re8+ Kf3 53. Kd3 Kg3 54. Ke2 1-0

[Event "Plzen op-A 9th"]
[Site "Plzen"]
[Date "2003.08.24"]
[Round "9"]
[White "Kubikova, Alena"]
[Black "Novy, Vaclav"]
[Result "0-1"]
[WhiteElo "2170"]
[BlackElo "2107"]
[PlyCount "122"]
[EventDate "2003.08.16"]
[EventType "swiss"]
[EventRounds "9"]
[EventCountry "CZE"]
[SourceTitle "CBM 095 Extra"]
[Source "ChessBase"]
[SourceDate "2003.09.04"]
[SourceVersion "1"]
[SourceVersionDate "2003.09.04"]
[SourceQuality "1"]

1. e4 c5 2. Nf3 d6 3. d4 cxd4 4. Nxd4 Nf6 5. Nc3 g6 6. Be3 Bg7 7. f3 0-0 8. Qd2 Nc6 9. Bc4 Bd7 10. 0-0-0 Rc8 11. Bb3 Ne5 12. h4 h5 13. Kb1 a5 14. Bg5 Rc5 15. g4 hxg4 16. f4 Nc4 17. Bxc4 Rxc4 18. e5 Bc6 19. Nxc6 Rxc6 20. exf6 exf6 21. Nd5 fxg5 22. hxg5 Rc5 23. Nf6+ Bxf6 24. Qh2 Re8 25. Qh7+ Kf8 26. gxf6 Qxf6 27. Qh8+ Ke7 28. Rde1+ Re5 29. Qxf6+ Kxf6 30. fxe5+ dxe5 31. Kc1 Kg5 32. Rh7 f5 33. Rxb7 g3 34. Kd2 Kg4 35. Rb3 f4 36. c4 e4 37. c5 e3+ 38. Kd3 Rd8+ 39. Ke4 g2 40. c6 e2 41. c7 Rc8 42. Rc3 f3 43. Ke3 Kg3 44. Rc5 Re8+ 45. Kd2 Kf2 46. c8Q Rxc8 47. Rxc8 g1Q 48. Rxg1 Kxg1 49. Rc1+ Kf2 50. b3 g5 51. a3 g4 52. b4 axb4 53. axb4 g3 54. b5 g2 55. b6 g1Q 56. Rxg1 Kxg1 57. b7 f2 58. b8Q e1Q+ 59. Kc2 Qe2+ 60. Kc3 Qe3+ 61. Kb4 f1Q 0-1

[Event "Plzen op-A 9th"]
[Site "Plzen"]
[Date "2003.08.23"]
[Round "8"]
[White "Novy, Vaclav"]
[Black "Blazkova, Petra"]
[Result "0-1"]
[WhiteElo "2107"]
[BlackElo "2222"]
[PlyCount "62"]
[EventDate "2003.08.16"]
[EventType "swiss"]
[EventRounds "9"]
[EventCountry "CZE"]
[SourceTitle "CBM 095 Extra"]
[Source "ChessBase"]
[SourceDate "2003.09.04"]
[SourceVersion "1"]
[SourceVersionDate "2003.09.04"]
[SourceQuality "1"]

1. e4 c5 2. Nf3 e6 3. c3 d5 4. e5 d4 5. d3 Nc6 6. g3 Nge7 7. Bg5 Qc7 8. Bxe7 Bxe7 9. Qe2 0-0 10. Bg2 dxc3 11. Nxc3 Nd4 12. Nxd4 cxd4 13. Nd1 Bb4+ 14. Kf1 Bd7 15. Be4 Rac8 16. a3 Be7 17. Kg2 Bc6 18. Kh3 f6 19. exf6 Rxf6 20. Re1 Qa5 21. Kg2 Rh6 22. Bxc6 Rxc6 23. f4 Qa4 24. Nf2 Rc2 25. Qe5 Qc6+ 26. Re4 Rxf2+ 27. Kxf2 Rxh2+ 28. Kf3 Qc2 29. Qxe6+ Kh8 30. Qxe7 Qg2+ 31. Kg4 Qh3+ 0-1

[Event "Plzen op-A 9th"]
[Site "Plzen"]
[Date "2003.08.22"]
[Round "7"]
[White "Volodin, Viktor Nikolaevich"]
[Black "Novy, Vaclav"]
[Result "1/2-1/2"]
[WhiteElo "2283"]
[BlackElo "2107"]
[PlyCount "42"]
[EventDate "2003.08.16"]
[EventType "swiss"]
[EventRounds "9"]
[EventCountry "CZE"]
[SourceTitle "CBM 095 Extra"]
[Source "ChessBase"]
[SourceDate "2003.09.04"]
[SourceVersion "1"]
[SourceVersionDate "2003.09.04"]
[SourceQuality "1"]

1. Nf3 Nf6 2. c4 c5 3. g3 g6 4. Bg2 Bg7 5. 0-0 0-0 6. d4 d6 7. Nc3 Nc6 8. d5 Na5 9. Nd2 e5 10. b3 Ne8 11. Bb2 f5 12. e3 b6 13. Qc2 Nb7 14. a3 Nf6 15. b4 Ng4 16. h3 Nh6 17. f4 g5 18. Ne2 Qe7 19. h4 Bd7 20. Rae1 Rae8 21. Bc3 Kh8 1/2-1/2

[Event "Plzen op-A 9th"]
[Site "Plzen"]
[Date "2003.08.16"]
[Round "1"]
[White "Kalod, Radek"]
[Black "Novy, Vaclav"]
[Result "1-0"]
[WhiteElo "2435"]
[BlackElo "2107"]
[PlyCount "71"]
[EventDate "2003.08.16"]
[EventType "swiss"]
[EventRounds "9"]
[EventCountry "CZE"]
[SourceTitle "CBM 095 Extra"]
[Source "ChessBase"]
[SourceDate "2003.09.04"]
[SourceVersion "1"]
[SourceVersionDate "2003.09.04"]
[SourceQuality "1"]

1. e4 c5 2. Nf3 d6 3. Bc4 Nc6 4. c3 Nf6 5. d3 g6 6. 0-0 Bg7 7. h3 0-0 8. Bb3 e5 9. Be3 h6 10. Re1 Be6 11. Bc2 Kh7 12. d4 cxd4 13. cxd4 exd4 14. Nxd4 Nxd4 15. Bxd4 Ng8 16. Nc3 Bxd4 17. Qxd4 Qg5 18. Re3 Qc5 19. Rd1 Rfd8 20. Red3 Qg5 21. Qe3 Qxe3 22. Rxe3 Rac8 23. Rd2 Ne7 24. Red3 Rc6 25. a3 Kg7 26. f4 g5 27. f5 Bc4 28. Rd4 Kf6 29. Ba4 Rc7 30. Kf2 Ke5 31. Nd1 h5 32. Ne3 Ba6 33. Bd1 Rc5 34. Bxh5 Nc6 35. Ng4+ Kf4 36. g3# 1-0